|
|
|
|
| LEADER |
00000cam a22000004a 4500 |
| 001 |
musev2_34310 |
| 003 |
MdBmJHUP |
| 005 |
20230905043619.0 |
| 006 |
m o d |
| 007 |
cr||||||||nn|n |
| 008 |
900604t19911991nju o 00 0 eng d |
| 020 |
|
|
|a 9781400861927
|
| 020 |
|
|
|z 9780691031415
|
| 020 |
|
|
|z 9780691604046
|
| 020 |
|
|
|z 9780691633251
|
| 035 |
|
|
|a (OCoLC)889253143
|
| 040 |
|
|
|a MdBmJHUP
|c MdBmJHUP
|
| 100 |
1 |
|
|a Fix, Andrew C.
|q (Andrew Cooper),
|d 1955-
|e author.
|
| 245 |
1 |
0 |
|a Prophecy and Reason :
|b The Dutch Collegiants in the Early Enlightenment /
|c Andrew C. Fix.
|
| 264 |
|
1 |
|a Princeton, New Jersey :
|b Princeton University Press,
|c [1991]
|
| 264 |
|
3 |
|a Baltimore, Md. :
|b Project MUSE,
|c 2015
|
| 264 |
|
4 |
|c ©[1991]
|
| 300 |
|
|
|a 1 online resource (296 pages):
|b illustrations
|
| 336 |
|
|
|a text
|b txt
|2 rdacontent
|
| 337 |
|
|
|a computer
|b c
|2 rdamedia
|
| 338 |
|
|
|a online resource
|b cr
|2 rdacarrier
|
| 490 |
0 |
|
|a Princeton legacy library
|
| 588 |
|
|
|a Description based on print version record.
|
| 650 |
|
7 |
|a Rationalism.
|2 fast
|0 (OCoLC)fst01090275
|
| 650 |
|
7 |
|a Prophecy
|x Christianity
|x History of doctrines.
|2 fast
|0 (OCoLC)fst01079206
|
| 650 |
|
7 |
|a Intellectual life.
|2 fast
|0 (OCoLC)fst00975769
|
| 650 |
|
7 |
|a History
|x Religious aspects
|x Christianity
|x History of doctrines.
|2 fast
|0 (OCoLC)fst00958275
|
| 650 |
|
7 |
|a History
|x Philosophy.
|2 fast
|0 (OCoLC)fst00958266
|
| 650 |
|
7 |
|a Enlightenment.
|2 fast
|0 (OCoLC)fst00912527
|
| 650 |
|
7 |
|a Collegiants.
|2 fast
|0 (OCoLC)fst00868260
|
| 650 |
|
7 |
|a RELIGION
|x Christianity
|x Protestant.
|2 bisacsh
|
| 650 |
|
7 |
|a HISTORY
|x Renaissance.
|2 bisacsh
|
| 650 |
|
6 |
|a Rationalisme
|x Histoire
|y 17e siecle.
|
| 650 |
|
6 |
|a Prophetie
|x Christianisme
|x Histoire des doctrines
|y 17e siecle.
|
| 650 |
|
6 |
|a Siecle des Lumieres
|z Pays-Bas.
|
| 650 |
|
6 |
|a Collegiants
|z Pays-Bas
|x Histoire.
|
| 650 |
|
0 |
|a Rationalism
|x History
|y 17th century.
|
| 650 |
|
0 |
|a Prophecy
|x Christianity
|x History of doctrines
|y 17th century.
|
| 650 |
|
0 |
|a History
|x Philosophy
|x History
|y 17th century.
|
| 650 |
|
0 |
|a History
|x Religious aspects
|x Christianity
|x History of doctrines
|y 17th century.
|
| 650 |
|
0 |
|a Enlightenment
|z Netherlands.
|
| 650 |
|
0 |
|a Collegiants
|z Netherlands
|x History.
|
| 651 |
|
7 |
|a Netherlands.
|2 fast
|0 (OCoLC)fst01204034
|
| 651 |
|
6 |
|a Pays-Bas
|x Histoire religieuse
|y 17e siecle.
|
| 651 |
|
6 |
|a Pays-Bas
|x Vie intellectuelle
|y 17e siecle.
|
| 651 |
|
0 |
|a Netherlands
|x Church history
|y 17th century.
|
| 651 |
|
0 |
|a Netherlands
|x Intellectual life
|y 17th century.
|
| 655 |
|
7 |
|a History.
|2 fast
|0 (OCoLC)fst01411628
|
| 655 |
|
7 |
|a Church history.
|2 fast
|0 (OCoLC)fst01411629
|
| 655 |
|
7 |
|a Electronic books.
|2 local
|
| 710 |
2 |
|
|a Project Muse.
|e distributor
|
| 830 |
|
0 |
|a Book collections on Project MUSE.
|
| 856 |
4 |
0 |
|z Texto completo
|u https://projectmuse.uam.elogim.com/book/34310/
|
| 945 |
|
|
|a Project MUSE - Custom Collection
|
| 945 |
|
|
|a Project MUSE - Archive Complete Supplement III
|
| 945 |
|
|
|a Project MUSE - Archive History Supplement III
|